Greys Anatomy Quiz - Statistiken

Allgemein
  • Dieses Quiz wurde 345 mal gespielt
  • Das Durchschnittsergebnis liegt bei 8 aus 10
Antwortstatistiken
Frage Antwort % Korrekt
Wer ist Merediths Person? Cristina Yang
98%
Wer starb bei dem Versuch eine Frau vor einem Bus zu retten? George O`Malley
98%
In welches Fachgebiet wollte Meredith bevor sie zur Allgemeinen wechselte? Neuro
93%
Wer hat Greys Anatomy erfunden? Shonda Rhimes
89%
Wer war Izzys verlobter? Denny
85%
Für wen steht "Grey" im Namen des Krankenhauses? Lexie Grey
82%
Nach wem hat Meredith ihre jüngste Tochter benannt? Nach ihrer Mutter
77%
Wo lebte Amelia bevor sie nach Seattle kam? LA
56%
Wer folgte DeLuca ins Grey Sloan Sam
47%
Wie alt war Maggie als sie das Medizin Studium beendete? 19
42%
Keine übereinstimmenden Quizze gefunden
Verteilung der Resultate
Anzahl Personen mit jedem Resultat
Perzentil nach korrekt beantworteten Fragen
Ihre Resultats-Entwicklung
Sie haben dieses Quiz noch nicht gespielt